Statistics for World Capitals Containing J - One Minute Sprint

Click here to take the quiz!

General Stats

  • This quiz has been taken 221 times
  • The average score is 8 of 17

Answer Stats

Capital% Correct
Juba
83%
Jakarta
80%
Jerusalem
71%
Abuja
65%
Ljubljana
59%
Banjul
49%
Majuro
48%
Djibouti
42%
Reykjavík
41%
Beijing
37%
Sarajevo
35%
N'Djamena
34%
Skopje
31%
Bujumbura
30%
San José
27%
St John's
24%
Sri Jayewarde-
nepura Kotte
19%

Score Distribution

Percentile by Number Answered

Percent of People with Each Score

Your Score History

You have not taken this quiz